Music Quiz

Random Music or Word Play Quiz

Compound Band Pictograms Quiz Stats

Quiz Updated Apr 20, 2015

Challenge
Share
Tweet
Score 0/20 Timer 06:00
9 Plays Today
% Correct
Whitesnake
97.4%
Slipknot
94.3%
Radiohead
93.1%
Nickelback
93.1%
Rainbow
92.5%
The Lemonheads
82.4%
Coldplay
75.6%
Mudhoney
74.4%
Wolfmother
72.9%
Yellowcard
72.9%
% Correct
Foghat
69.1%
The Sugarcubes
66.9%
Soundgarden
62.7%
Starsailor
60.5%
The Yardbirds
60.2%
Godsmack
58.1%
Buckcherry
56.8%
Silverchair
54.4%
Buzzcocks
52.3%
The Offspring
47.4%

You're not logged in!

Compare scores with friends on all Sporcle quizzes.
Sign Up with Email
OR
Log In

You Might Also Like...

Show Comments

Extras

Top Quizzes Today


Score Distribution

Your Account Isn't Verified!

In order to create a playlist on Sporcle, you need to verify the email address you used during registration. Go to your Sporcle Settings to finish the process.